[Event "Ibiza Eivissa op 8th"]
[Site "Eivissa"]
[Date "2019.07.20"]
[Round "4"]
[White "Prohens Lopez, Aitor"]
[Black "Reina Fernandez, Fabian"]
[Result "1-0"]
[WhiteElo "1816"]
[BlackElo "1561"]
[PlyCount "108"]
[EventDate "2019.07.07"]
[EventType "swiss"]
[EventRounds "7"]
[EventCountry "ESP"]
[SourceTitle "EXT 2020"]
[Source "ChessBase"]
[SourceDate "2019.10.17"]
[SourceVersion "1"]
[SourceVersionDate "2019.10.17"]
[SourceQuality "1"]

1. e4 c5 2. d4 cxd4 3. c3 Nc6 4. cxd4 g6 5. Nc3 Bg7 6. Nf3 e6 7. Bc4 Nge7 8. d5 Na5 9. Be2 exd5 10. exd5 d6 11. Qa4+ Bd7 12. Bb5 Bxc3+ 13. bxc3 b6 14. Bg5 Bxb5 15. Qxb5+ Qd7 16. Qe2 Kf8 17. Bh6+ Kg8 18. 0-0 Nf5 19. Bg5 Kg7 20. Rfe1 Rhe8 21. Qd3 Rac8 22. g4 h6 23. Bd2 Ne7 24. Re4 Ng8 25. Rae1 Nb7 26. Qd4+ f6 27. g5 hxg5 28. Nxg5 Nc5 29. Rh4 Rxe1+ 30. Bxe1 Qf5 31. Rh7+ Kf8 32. Bd2 Qe5 33. Qxe5 fxe5 34. Ne6+ Nxe6 35. dxe6 Rc4 36. Rxa7 Ne7 37. Bh6+ Ke8 38. Ra8+ Rc8 39. Ra3 d5 40. Bg5 Rc4 41. h4 d4 42. cxd4 exd4 43. Ra8+ Rc8 44. Ra7 Ng8 45. Rd7 Kf8 46. e7+ Kf7 47. e8Q+ Kxe8 48. Rxd4 Kf7 49. Rd7+ Ke6 50. Rb7 Rc6 51. Rg7 Nf6 52. Rxg6 Kf5 53. Rxf6+ Rxf6 54. Bxf6 Kxf6 1-0

[Event "Mallorca-ch Amateur"]
[Site "Mallorca"]
[Date "2019.04.21"]
[Round "5.3"]
[White "Reina Fernandez, Fabian"]
[Black "Gomila Marti, Santiago"]
[Result "0-1"]
[WhiteElo "1568"]
[BlackElo "1685"]
[PlyCount "90"]
[EventDate "2019.04.19"]
[EventType "swiss"]
[EventRounds "6"]
[EventCountry "ESP"]
[SourceTitle "EXT 2024"]
[Source "ChessBase"]
[SourceDate "2023.10.10"]
[SourceVersion "1"]
[SourceVersionDate "2023.10.10"]
[SourceQuality "1"]

1. e4 d5 2. exd5 Nf6 3. d4 Bg4 4. Nf3 Qxd5 5. c4 Bxf3 6. gxf3 Qd7 7. Nc3 g6 8. Bg2 Bg7 9. Be3 c6 10. 0-0 0-0 11. Qd2 Re8 12. Rad1 Qc7 13. Ne4 Nbd7 14. Rfe1 Rad8 15. Qc1 e5 16. d5 cxd5 17. cxd5 Qxc1 18. Rxc1 Nxd5 19. Nd6 Nxe3 20. fxe3 Re6 21. Nxb7 Rb8 22. Rc7 Rb6 23. f4 Nf8 24. Bd5 Ne6 25. Bxe6 Rxe6 26. Nc5 Rd6 27. fxe5 Rd2 28. e6 fxe6 29. Nxe6 Be5 30. Rxa7 Bxh2+ 31. Kf1 Rbxb2 32. Rg7+ Kh8 33. Rf7 h5 34. Rc1 Rbc2 35. Rxc2 Rxc2 36. a4 Ra2 37. Rf8+ Kh7 38. Ra8 Bg3 39. Ng5+ Kh6 40. Ne4 h4 41. Nxg3 hxg3 42. a5 Kg5 43. a6 g2+ 44. Kg1 Kg4 45. a7 Kg3 0-1

[Event "Ibiza-ch"]
[Site "Ibiza"]
[Date "2017.11.11"]
[Round "3"]
[White "Gil Kramer, Aram Miles"]
[Black "Reina Fernandez, Fabian"]
[Result "0-1"]
[WhiteElo "1288"]
[BlackElo "1510"]
[PlyCount "38"]
[EventDate "2017.11.04"]
[EventType "swiss"]
[EventRounds "7"]
[EventCountry "ESP"]
[SourceTitle "EXT 2024"]
[Source "ChessBase"]
[SourceDate "2023.10.10"]
[SourceVersion "1"]
[SourceVersionDate "2023.10.10"]
[SourceQuality "1"]

1. e4 e5 2. d4 exd4 3. c3 Nc6 4. cxd4 d5 5. f3 dxe4 6. fxe4 Qh4+ 7. Kd2 Qxe4 8. Nf3 Bg4 9. Bb5 0-0-0 10. Qa4 Bb4+ 11. Nc3 Bxc3+ 12. bxc3 Bxf3 13. gxf3 Qxf3 14. Re1 Nge7 15. Bb2 Qf4+ 16. Re3 Nd5 17. Rae1 Nxe3 18. Rxe3 Rhe8 19. Bxc6 Qxe3+ 0-1

[Event "Ibiza Eivissa op 6th"]
[Site "Eivissa"]
[Date "2017.07.29"]
[Round "7"]
[White "Navarro Lopez, Antonio"]
[Black "Reina Fernandez, Fabian"]
[Result "0-1"]
[WhiteElo "1394"]
[BlackElo "1527"]
[PlyCount "74"]
[EventDate "2017.07.08"]
[EventType "swiss"]
[EventRounds "7"]
[EventCountry "ESP"]
[SourceTitle "EXT 2019"]
[Source "ChessBase"]
[SourceDate "2018.10.10"]
[SourceVersion "1"]
[SourceVersionDate "2018.10.10"]
[SourceQuality "1"]

1. e4 d5 2. e5 e6 3. d4 c5 4. c3 Nc6 5. Bb5 Bd7 6. Nf3 Qb6 7. a4 Nh6 8. Bxh6 gxh6 9. 0-0 Bg7 10. Ra3 c4 11. b3 a6 12. Bxc6 Bxc6 13. bxc4 dxc4 14. Nbd2 Bd5 15. Qc2 Qc7 16. a5 Qe7 17. Raa1 f6 18. Qa4+ Bc6 19. Qxc4 Bb5 20. Qc5 Qxc5 21. dxc5 Bxf1 22. Kxf1 0-0 23. Re1 Rad8 24. Nd4 fxe5 25. N4f3 Rd5 26. Ne4 Rfd8 27. Re2 Rd1+ 28. Ne1 Ra1 29. Nd6 Rd7 30. f4 Rxa5 31. fxe5 Rxc5 32. Re3 Bxe5 33. Ne4 Rf7+ 34. Ke2 Ra5 35. Nd3 Ra2+ 36. Nd2 Bxc3 37. Nc1 Rxd2+ 0-1

[Event "Ibiza Eivissa op 6th"]
[Site "Eivissa"]
[Date "2017.07.16"]
[Round "4"]
[White "Reina Fernandez, Fabian"]
[Black "Mosquera Rodrigo, Carlos"]
[Result "0-1"]
[WhiteElo "1527"]
[BlackElo "1859"]
[PlyCount "89"]
[EventDate "2017.07.08"]
[EventType "swiss"]
[EventRounds "7"]
[EventCountry "ESP"]
[SourceTitle "EXT 2019"]
[Source "ChessBase"]
[SourceDate "2018.10.10"]
[SourceVersion "1"]
[SourceVersionDate "2018.10.10"]
[SourceQuality "1"]

1. d4 Nf6 2. Nf3 d5 3. Bf4 Bg4 4. e3 e6 5. c4 Bd6 6. Be2 Bxf4 7. exf4 0-0 8. Qb3 b6 9. Nc3 dxc4 10. Qxc4 Nbd7 11. 0-0 c5 12. d5 exd5 13. Nxd5 Nxd5 14. Qxd5 Nf6 15. Qb3 Qc7 16. h3 Be6 17. Bc4 Bxc4 18. Qxc4 Rfe8 19. Ne5 Rad8 20. Rad1 Qb7 21. a4 Rd5 22. Rd3 Rxd3 23. Qxd3 Qe4 24. Qb3 c4 25. Qxc4 Rxe5 26. Qa6 Re7 27. Rd1 Ne8 28. g3 Qe2 29. Qxe2 Rxe2 30. b4 Ra2 31. a5 bxa5 32. bxa5 Rxa5 33. Kg2 Ra6 34. g4 Rd6 35. Ra1 a6 36. h4 g6 37. Kg3 Rc6 38. Ra5 Nc7 39. h5 gxh5 40. Rxh5 Rc3+ 41. Kh4 Ne6 42. f5 Rh3+ 43. Kxh3 Nf4+ 44. Kg3 Nxh5+ 45. gxh5 0-1